000 00386pab a2200157 454500
008 180718b2011 xxu||||| |||| 00| 0 eng d
100 _aGeorge, Alex
245 _aState of orphans in the earthly paradise
260 _c2011
300 _ap.19-22.
362 _a5 Mar
650 _aResidential child care
773 _aEconomic and Political Weekly
908 _aN
909 _a90875
999 _c90875
_d90875